000 00264nam a2200109Ia 4500
008 190911s9999||||xx |||||||||||||| ||und||
100 _aDr. M. Maruf
245 0 _aContributions To Iqbal's Thought
260 _aLahore
_bRoyal Book
_c1977
300 _a152
942 _cBK
999 _c6918
_d6918